Sustitución de importaciones y formación de capital (Registro nro. 24722)

Detalles MARC
000 -LEADER
fixed length control field 00336 a2200109 4500
001 - CONTROL NUMBER
control field ART_10185
005 - DATE AND TIME OF LATEST TRANSACTION
control field 20260410161848.0
008 - FIXED-LENGTH DATA ELEMENTS--GENERAL INFORMATION
fixed length control field 260409a
100 1# - MAIN ENTRY--PERSONAL NAME
Personal name Petrecolla, Alberto
245 10 - TITLE STATEMENT
Title Sustitución de importaciones y formación de capital
773 0# - HOST ITEM ENTRY
Title Económica
Related parts - Año XVI, Nº1 (ene./abr. 1970)
Record control number REV7541

No hay ítems disponibles.